Quantum fields in curved space / (Record no. 29022)

000 -LEADER
fixed length control field 00826 a2200205 4500
020 ## - INTERNATIONAL STANDARD BOOK NUMBER
International Standard Book Number 0521278589
020 ## - INTERNATIONAL STANDARD BOOK NUMBER
International Standard Book Number 9780521278584
082 04 - DEWEY DECIMAL CLASSIFICATION NUMBER
Classification number 530
090 ## - LOCALLY ASSIGNED LC-TYPE CALL NUMBER (OCLC); LOCAL CALL NUMBER (RLIN)
-- 390
-- 390
100 1# - MAIN ENTRY--PERSONAL NAME
Personal name Birrell, N. D.
245 10 - TITLE STATEMENT
Title Quantum fields in curved space /
Statement of responsibility, etc. N. D. Birrell, P. C. W. Davies.
260 ## - PUBLICATION, DISTRIBUTION, ETC.
Place of publication, distribution, etc. [S.l.] :
Name of publisher, distributor, etc. Cambridge University Press,
Date of publication, distribution, etc. 1982.
300 ## - PHYSICAL DESCRIPTION
Extent 352 p. ;
Dimensions 23 cm.
490 1# - SERIES STATEMENT
Series statement Cambridge monographs on mathematical physics.
700 1# - ADDED ENTRY--PERSONAL NAME
Personal name Davies, P. C. W.
830 #0 - SERIES ADDED ENTRY--UNIFORM TITLE
Uniform title Cambridge monographs on mathematical physics.
942 ## - ADDED ENTRY ELEMENTS (KOHA)
Institution code [OBSOLETE] SNS
Koha item type Book
Call number prefix 530.143 BIR
Holdings
Withdrawn status Lost status Damaged status Not for loan Permanent Location Current Location Date acquired Total Checkouts Full call number Barcode Date last seen Price effective from Koha item type
        School of Natural Sciences (SNS) School of Natural Sciences (SNS) 05/26/2016   530.143 BIR SNS0000312 05/26/2016 05/26/2016 Book
        School of Natural Sciences (SNS) School of Natural Sciences (SNS) 05/26/2016   530.143 BIR SNS0001061 05/26/2016 05/26/2016 Book
© 2023 Central Library, National University of Sciences and Technology. All Rights Reserved.